000 00419nam a2200181Ia 4500
001 4300
005 20260306145745.0
008 260306t1983||||xx |||||||||||||| ||spa||
041 _aESP
082 _a320.51
_bG26
100 _aCaldés, Juan Antonio
_eAUT
245 0 _aLa alternativa liberal
260 _c1983
300 _a230 páginas :
_c21 cm.
650 _aGEN
654 _aCDE
942 _cLIB
_dJUS
_fJUS
_2ddc
_n
999 _c4300
_d4300